The bamboo bush (Record no. 23326)

MARC details
000 -LEADER
fixed length control field 00718nam a2200265 i 4500
001 - CONTROL NUMBER
control field C2-0101472
003 - CONTROL NUMBER IDENTIFIER
control field PPAK
005 - DATE AND TIME OF LATEST TRANSACTION
control field 20180727095720.0
008 - FIXED-LENGTH DATA ELEMENTS--GENERAL INFORMATION
fixed length control field 970601s1995 my a|||| ||||| | eng d
020 ## - INTERNATIONAL STANDARD BOOK NUMBER
International Standard Book Number 9679484556
040 ## - CATALOGING SOURCE
Original cataloging agency PPAK
Language of cataloging eng
Transcribing agency PPAK
Description conventions rda
082 04 - DEWEY DECIMAL CLASSIFICATION NUMBER
Classification number 428.6
Edition number 23
090 00 - LOCALLY ASSIGNED LC-TYPE CALL NUMBER (OCLC); LOCAL CALL NUMBER (RLIN)
Classification number (OCLC) (R) ; Classification number, CALL (RLIN) (NR) 428.6
Feature heading YEA
Feature heading K
100 1# - MAIN ENTRY--PERSONAL NAME
Personal name Yeap, Christie,
Relator term author
245 14 - TITLE STATEMENT
Title The bamboo bush
264 #1 - PRODUCTION, PUBLICATION, DISTRIBUTION, MANUFACTURE, AND COPYRIGHT NOTICE
Place of production, publication, distribution, manufacture Melaka :
Name of producer, publisher, distributor, manufacturer Associated Educational Distributors ,
Date of production, publication, distribution, manufacture, or copyright notice 1995
300 ## - PHYSICAL DESCRIPTION
Extent 24 pages :
Other physical details illustrations ;
Dimensions 19 cm
336 ## - CONTENT TYPE
Source rdacontent
Content type term text
337 ## - MEDIA TYPE
Source rdamedia
Media type term unmediated
338 ## - CARRIER TYPE
Source rdacarrier
Carrier type term volume
490 1# - SERIES STATEMENT
Series statement Aed classic readers
650 10 - SUBJECT ADDED ENTRY--TOPICAL TERM
Topical term or geographic name entry element Readers
830 #0 - SERIES ADDED ENTRY--UNIFORM TITLE
Uniform title Aed classic readers
942 ## - ADDED ENTRY ELEMENTS (KOHA)
-- dc
Koha item type Book
Holdings
Withdrawn Not for loan Current library Shelving location Date acquired Total Checkouts Full call number Barcode Date last seen Date last checked out Koha item type
    Perpustakaan Alor Setar Pinjaman Kanak-kanak 27/09/1997   K 428.6 YEA A00072105 08/05/2018   Book
    Perpustakaan Awam Sungai Petani Pinjaman Kanak-kanak 25/03/1998 1 K 428.6 YEA A00121529 07/04/2019 31/03/2019 Book
    Perpustakaan Awam Sungai Petani Pinjaman Kanak-kanak 15/12/2003   K 428.6 YEA A00409402 08/05/2018   Book
    Perpustakaan Awam Sungai Petani Pinjaman Kanak-kanak 03/03/2004   K 428.6 YEA A00428599 08/05/2018   Book
    Perpustakaan Langkawi Pinjaman Kanak-kanak 11/10/2004   K 428.6 YEA A00858071 08/05/2018   Book
    Bergerak 1, Alor Setar Pinjaman Kanak-kanak 25/03/1998   K 428.6 YEA A00121534 08/05/2018   Book
    Bergerak 3, Baling Pinjaman Kanak-kanak 25/03/1998   K 428.6 YEA A00121536 08/05/2018   Book